Ensayos sobre religión y política (Registro nro. 303904)

Detalles MARC
000 -ENCABEZADO
Número de control [NR] 01775nam a2200253 4500
005 - FECHA Y HORA DE LA ÚLTIMA TRANSACCIÓN
control field 20160902083912.0
008 - DE LONGITUD FIJA DE DATOS DE ELEMENTOS - INFORMACIÓN GENERAL
Elementos de longitud fija [NR] 160802s1880 sp |||f |||| 001 e spa d
040 ## - FUENTE DE CATALOGACION [NR]
Agencia de catalogación original [NR] CO-BoUCM
Idioma de catalogación [NR] spa
Quien Cataloga Sandra Yazo
Quien Clasifica Sandra Yazo
041 0# - CODIGO DE IDIOMA [R]
Código de idioma para texto/pista de sonido o título separado [R] Español
082 04 - NUMERO DE CLASIFICACION DECIMAL DEWEY [R]
Número de la edición [NR] 20
Número de clasificación [R] 864
092 ## - SIGNATURA TOPOGRAFICA LOCAL
Número de clasificación local E40N118
100 1# - ASIENTO PRINCIPAL--NOMBRE PERSONAL [NR]
Nombre personal [NR] Sánchez de Toca, Joaquín
Fechas asociadas con el nombre [NR] 1854-1942
ID Autoridad 78433
245 10 - MENCION DE TITULO [NR]
Título [NR] Ensayos sobre religión y política
Mención de responsabilidad, etc. [NR] por Joaquín Sánchez de Toca
260 ## - PUBLICACION, DISTRIBUCION, ETC. (PIE DE IMPRENTA) [R]
Lugar de publicación, distribución, etc. [R] Madrid (España)
Nombre del editor, distribuidor, etc. [R] Imprenta de F. Maroto é hijos
Fecha de publicación, distribución, etc. [R] 1880
300 ## - DESCRIPCION FISICA [R]
Extensión [R] xiii, 581 páginas
Dimensiones [R] 24 x 16 cm
500 ## - NOTA GENERAL [R]
Nota general [NR] Detalles físicos: Encuadernación rígida (holandesa) en cartón forrado en papel, tapas con raspaduras y desgaste en bordes, lomo en cuero con nervaduras sobre costura y adornos en dorado. Guardas simulando papel de agua. Hoja de cortesía, con una anotación manuscrita. Anteportada, portada impresa en una sola tinta. Letras capitales. Texto en una sola columna, algunas notas al pie de página. Al final un remate. Papel muy manchado. Perteneció a la biblioteca de Mons. Rafael María Carrasquilla
505 0# - NOTA DE CONTENIDO CON FORMATO PREESTABLECIDO [R]
Nota de contenido con formato preestablecido [NR] Prólogo ; Vicisitudes del pontificado romano ; La iglesia y el estado ; El pontificado y la unidad italiana ; Carácter anticristiano de la revolución moderna y su impotencia contra el orden religioso ; La iglesia y la revolución en España ; La libertad de enseñanza ; De algunas herejías científicas del siglo XIX ; De alguna otra herejía filosófica del siglo XIX ; Temores y esperanzas respecto de las sociedades modernas
506 ## - NOTA DE RESTRICCIONES DE ACCESO [R]
Condiciones de acceso [NR] Consulta en sala
650 #7 - ASIENTO SECUNDARIO DE MATERIA - TERMINO TEMATICO [R]
9 (RLIN) 14560
Término temático o nombre geográfico como elemento de entrada [NR] Ensayos españoles
650 #7 - ASIENTO SECUNDARIO DE MATERIA - TERMINO TEMATICO [R]
9 (RLIN) 23515
Término temático o nombre geográfico como elemento de entrada [NR] Religión y política
Subdivisión general [R] Ensayos
650 #7 - ASIENTO SECUNDARIO DE MATERIA - TERMINO TEMATICO [R]
9 (RLIN) 18734
Término temático o nombre geográfico como elemento de entrada [NR] Literatura religiosa española
690 ## - ASUNTO AGREGADO LOCAL DE ENTRADA - TÉRMINO TEMÁTICO (OCLC, RLIN)
Acceso temático local Literatura europea
9 (RLIN) 26524
942 ## - ELEMENTOS DE ENTRADA AGREGADOS (KOHA)
Sistema de clasificación LOCAL
Tipo de ítem principal el descrito en 300a Libro
Edición 1
Clasificación E40N118
Existencias
Suprimido Perdido Sistema de clasificación Dañado No prestable Tipo de ítem específico Ubicación habitual Ubicación actual Localización Fecha de creación Forma de adquisición Costo Volúmen / Fascículo Total préstamos Signatura topográfica Código de barras Última vez visto Ejemplar Price effective from Tipo de ítem
    LOCAL     Libro archivo Archivo Histórico Archivo Histórico Archivo histórico 02/08/2016 Donación 0.00 V.1   E40N118 L005809 02/08/2016 Ej.1 02/08/2016 Libro